[Event "Muensterland Regionalliga 1718"]
[Site "Germany"]
[Date "2018.01.13"]
[Round "5.1"]
[White "Henke, Wolfgang1111"]
[Black "Borrink, Joern"]
[Result "0-1"]
[WhiteElo "1787"]
[BlackElo "2104"]
[PlyCount "78"]
[EventDate "2017.09.02"]
[EventType "team-tourn"]
[EventRounds "9"]
[EventCountry "GER"]
[SourceTitle "EXT 2019"]
[Source "ChessBase"]
[SourceDate "2018.10.10"]
[SourceVersion "1"]
[SourceVersionDate "2018.10.10"]
[SourceQuality "1"]
[WhiteTeam "Beelen"]
[BlackTeam "Muenster SK II"]
[WhiteTeamCountry "GER"]
[BlackTeamCountry "GER"]

1. e4 e6 2. d4 d5 3. Nc3 Bb4 4. exd5 exd5 5. Bd3 Ne7 6. Qf3 c5 7. a3 Bxc3+ 8. bxc3 c4 9. Be2 Bf5 10. Bd1 Nd7 11. Ne2 Be4 12. Qh3 Rc8 13. 0-0 Rc6 14. Ng3 Bg6 15. Re1 0-0 16. Bg5 Re8 17. Bg4 Nf6 18. Nf5 Nxf5 19. Bxf5 Bxf5 20. Qxf5 Rce6 21. Re5 Qd7 22. Bxf6 Rxe5 23. Qxe5 Rxe5 24. Bxe5 f6 25. Bb8 Qa4 26. Bd6 Qxc2 27. Bb4 Kf7 28. Re1 Kg6 29. h4 b6 30. Re3 h5 31. Rg3+ Kf7 32. Re3 a5 33. Bd6 Kg6 34. Rg3+ Kf5 35. Be7 Qc1+ 36. Kh2 Qd2 37. Rf3+ Ke6 38. Bd8 Qb2 39. Re3+ Kd7 0-1

[Event "NRW Class2 1011"]
[Site "Germany"]
[Date "2010.12.19"]
[Round "4.6"]
[White "Borrink, Joern"]
[Black "Kuempers, Ulrich"]
[Result "1-0"]
[WhiteElo "2114"]
[BlackElo "2091"]
[PlyCount "45"]
[EventDate "2010.09.26"]
[EventType "team-tourn"]
[EventRounds "9"]
[EventCountry "GER"]
[SourceTitle "EXT 2012"]
[Source "ChessBase"]
[SourceDate "2011.11.24"]
[SourceVersion "1"]
[SourceVersionDate "2011.11.24"]
[SourceQuality "1"]
[WhiteTeam "Muenster II"]
[BlackTeam "Rheine Klein Berlin"]
[WhiteTeamCountry "GER"]
[BlackTeamCountry "GER"]

1. e4 c6 2. d4 d5 3. e5 Bf5 4. Nc3 e6 5. g4 Bg6 6. Nce2 f6 7. Nf4 Bf7 8. Nf3 Nd7 9. exf6 gxf6 10. Qe2 Qe7 11. Nd3 0-0-0 12. Bh3 Bg7 13. g5 Bh5 14. Nf4 Bxf3 15. Qxf3 fxg5 16. Nxe6 Re8 17. Kd1 g4 18. Qxg4 Bxd4 19. Qxd4 Ngf6 20. Qf4 Nb6 21. Be3 h5 22. Bc5 Qd7 23. Qxf6 1-0

[Event "Niedersachsen-ch"]
[Site "Verden"]
[Date "2009.01.02"]
[Round "1"]
[White "Markgraf, Alexander"]
[Black "Borrink, Joern"]
[Result "1-0"]
[WhiteElo "2463"]
[BlackElo "2110"]
[PlyCount "81"]
[EventDate "2009.01.02"]
[EventType "swiss"]
[EventRounds "9"]
[EventCountry "GER"]
[SourceTitle "CBM 128 Extra"]
[Source "ChessBase"]
[SourceDate "2009.03.05"]
[SourceVersion "2"]
[SourceVersionDate "2009.03.25"]
[SourceQuality "1"]

1. e4 e6 2. d4 d5 3. e5 c5 4. c3 Nc6 5. Nf3 Qb6 6. a3 c4 7. Nbd2 Na5 8. Be2 Bd7 9. Rb1 Ne7 10. Nf1 Ng6 11. h4 Bxa3 12. h5 Nf8 13. b4 Bxc1 14. Qxc1 Nc6 15. Qg5 Rg8 16. h6 Qd8 17. Qg3 g6 18. Ne3 f5 19. exf6 Qxf6 20. Qc7 b5 21. 0-0 Qd8 22. Qg3 Qe7 23. Rfe1 0-0-0 24. Ra1 Be8 25. Ng5 Qd6 26. f4 Kb7 27. Ng4 Ne7 28. Nf6 Nf5 29. Qh2 Rh8 30. Nxe8 Rxe8 31. Nf7 Qe7 32. Nxh8 Qf6 33. Bf3 Rd8 34. g4 Nd6 35. g5 Qxh8 36. Qa2 Ra8 37. Bxd5+ exd5 38. Re7+ Nd7 39. Rxd7+ Kc6 40. Rxa7 Rb8 41. Qa6+ 1-0

[Event "GER-ch U18"]
[Site "Willingen"]
[Date "2008.05.17"]
[Round "9"]
[White "Poetsch, Hagen"]
[Black "Borrink, Joern"]
[Result "1/2-1/2"]
[WhiteElo "2267"]
[BlackElo "2071"]
[PlyCount "106"]
[EventDate "2008.05.11"]
[EventType "swiss"]
[EventRounds "9"]
[EventCountry "GER"]
[SourceTitle "CBM 124 Extra"]
[Source "ChessBase"]
[SourceDate "2008.07.03"]
[SourceVersion "1"]
[SourceVersionDate "2008.07.03"]
[SourceQuality "1"]

1. e4 c6 2. d4 d5 3. exd5 cxd5 4. Bd3 Nc6 5. c3 Nf6 6. Bf4 Bg4 7. Qb3 Qc8 8. Nd2 e6 9. Ngf3 Bh5 10. Ne5 Bg6 11. Nxg6 hxg6 12. h3 Nh5 13. Bh2 g5 14. Nf3 Nf4 15. Bxf4 gxf4 16. 0-0-0 a6 17. Rde1 Be7 18. h4 Qc7 19. Kb1 b5 20. Ng5 Bxg5 21. hxg5 Kd7 22. g6 Rxh1 23. Rxh1 f6 24. Rh7 Rg8 25. Qa3 Qb6 26. Rxg7+ Rxg7 27. Qf8 Rxg6 28. Bxg6 Qd8 29. Qg7+ Qe7 30. Qg8 Qd8 31. Qh7+ Qe7 32. Qg8 Qd8 33. Qg7+ Qe7 34. Qg8 Nd8 35. Bd3 Kc6 36. Qg4 Qd6 37. Qg7 Kb6 38. Qxf6 a5 39. b3 Nc6 40. Bf5 b4 41. Qxe6 Qxe6 42. Bxe6 bxc3 43. Bxd5 Nxd4 44. Be4 Kc5 45. g4 fxg3 46. fxg3 Kd6 47. Bc2 Ke5 48. a3 Ne2 49. g4 Kf4 50. b4 axb4 51. axb4 Nd4 52. Bd1 c2+ 53. Bxc2 Kxg4 1/2-1/2

[Event "GER-ch U18"]
[Site "Willingen"]
[Date "2008.05.15"]
[Round "7"]
[White "Borrink, Joern"]
[Black "Rudolf, Sebastian"]
[Result "0-1"]
[WhiteElo "2071"]
[BlackElo "2132"]
[PlyCount "78"]
[EventDate "2008.05.11"]
[EventType "swiss"]
[EventRounds "9"]
[EventCountry "GER"]
[SourceTitle "CBM 124 Extra"]
[Source "ChessBase"]
[SourceDate "2008.07.03"]
[SourceVersion "1"]
[SourceVersionDate "2008.07.03"]
[SourceQuality "1"]

1. e4 c5 2. Nf3 Nc6 3. d4 cxd4 4. Nxd4 Nf6 5. Nc3 d6 6. Bg5 e6 7. Be2 a6 8. f4 Be7 9. Bf3 e5 10. Nxc6 bxc6 11. Qd3 0-0 12. 0-0-0 exf4 13. Bxf4 Ne8 14. h4 Be6 15. h5 Qa5 16. Bd2 Bg5 17. Bxg5 Qxg5+ 18. Qd2 Qe5 19. Qd4 f6 20. Qxe5 fxe5 21. b3 Kf7 22. Na4 Ke7 23. c4 Nc7 24. Rhe1 c5 25. Rf1 Rf4 26. Kd2 Raf8 27. Nc3 Bd7 28. Ke3 Bc6 29. Ne2 R4f6 30. Ng3 Bd7 31. Be2 Rxf1 32. Rxf1 Rxf1 33. Bxf1 Kf6 34. a3 a5 35. Be2 Na6 36. Nh1 Kg5 37. Nf2 Nb8 38. Kf3 Kxh5 39. g4+ Kh4 0-1

[Event "GER-ch U18"]
[Site "Willingen"]
[Date "2008.05.14"]
[Round "6"]
[White "Tereick, Benjamin"]
[Black "Borrink, Joern"]
[Result "0-1"]
[WhiteElo "2379"]
[BlackElo "2071"]
[PlyCount "140"]
[EventDate "2008.05.11"]
[EventType "swiss"]
[EventRounds "9"]
[EventCountry "GER"]
[SourceTitle "CBM 124 Extra"]
[Source "ChessBase"]
[SourceDate "2008.07.03"]
[SourceVersion "1"]
[SourceVersionDate "2008.07.03"]
[SourceQuality "1"]

1. Nf3 Nf6 2. g3 b6 3. Bg2 Bb7 4. 0-0 e6 5. c4 Be7 6. d4 0-0 7. Nc3 Ne4 8. Qc2 Nxc3 9. Qxc3 c5 10. b3 d6 11. Bb2 Bf6 12. Rad1 Qc7 13. Qd2 Rd8 14. dxc5 dxc5 15. Qf4 Na6 16. Qxc7 Nxc7 17. Ne5 Bxg2 18. Kxg2 Ne8 19. e3 Kf8 20. f4 Bxe5 21. Bxe5 Ke7 22. g4 f6 23. Bc3 a6 24. Kf3 Ra7 25. Rxd8 Kxd8 26. e4 Rd7 27. Ke3 Ke7 28. e5 b5 29. h3 Nc7 30. Ba5 Na8 31. cxb5 axb5 32. Rc1 Ra7 33. b4 cxb4 34. Bxb4+ Kf7 35. exf6 gxf6 36. Rc8 Nb6 37. Rf8+ Kg7 38. Bc5 Nd5+ 39. Kf3 Rc7 40. Bd6 Rc3+ 41. Kf2 Nxf4 42. Rb8 Nxh3+ 43. Kg2 e5 44. Rxb5 Nf4+ 45. Kf2 Rc6 46. Bb8 Ra6 47. Kf3 Kg6 48. g5 Ra3+ 49. Rb3 Rxb3+ 50. axb3 Kxg5 51. b4 Ne6 52. Ba7 Nc7 53. Ke4 h5 54. Bb6 Nb5 55. Kf3 f5 56. Bd8+ Kg6 57. Bb6 Kf6 58. Kg3 f4+ 59. Kh4 Kg6 60. Bc5 e4 61. Kh3 Kf5 62. Kg2 Kg4 63. Bb6 e3 64. Bc5 f3+ 65. Kh2 Kf4 66. Bb6 Ke4 67. Kg3 h4+ 68. Kh2 f2 69. Bc5 f1Q 70. Bxe3 Qe2+ 0-1

[Event "GER-ch U18"]
[Site "Willingen"]
[Date "2008.05.12"]
[Round "3"]
[White "Dinger, Florian"]
[Black "Borrink, Joern"]
[Result "0-1"]
[WhiteElo "2340"]
[BlackElo "2071"]
[PlyCount "104"]
[EventDate "2008.05.11"]
[EventType "swiss"]
[EventRounds "9"]
[EventCountry "GER"]
[SourceTitle "CBM 124 Extra"]
[Source "ChessBase"]
[SourceDate "2008.07.03"]
[SourceVersion "1"]
[SourceVersionDate "2008.07.03"]
[SourceQuality "1"]

1. e4 d5 2. exd5 Qxd5 3. Nc3 Qa5 4. d4 Nf6 5. Nf3 Bg4 6. h3 Bh5 7. g4 Bg6 8. Ne5 Nbd7 9. Nc4 Qa6 10. Bf4 Qe6+ 11. Ne3 Qb6 12. Bg2 e6 13. Nc4 Qa6 14. Qe2 0-0-0 15. 0-0 Nb6 16. Nxb6+ Qxb6 17. Be3 Nd5 18. Nxd5 exd5 19. b3 Ba3 20. c4 Qa6 21. f4 f6 22. Kf2 dxc4 23. bxc4 Rhe8 24. Rfd1 Re7 25. f5 Bf7 26. Rab1 c6 27. Bf1 Rde8 28. Rb3 Bd6 29. Qc2 Qa5 30. Bd2 Qc7 31. Re1 Rxe1 32. Bxe1 h5 33. Bd2 h4 34. Re3 Rd8 35. Rd3 Bf4 36. Ke1 Bxd2+ 37. Kxd2 Qf4+ 38. Ke1 Qe4+ 39. Qe2 Qxe2+ 40. Bxe2 Bxc4 41. Re3 Bxe2 42. Kxe2 Rxd4 43. Re7 Rd7 44. Re8+ Kc7 45. Rh8 c5 46. Rxh4 b5 47. g5 fxg5 48. Rg4 c4 49. Rxg5 Kb6 50. h4 c3 51. Rg3 b4 52. Rd3 c2 0-1